| 000 | 00612cam a2200217M 4500 | ||
|---|---|---|---|
| 001 | 41621 | ||
| 005 | 20230411085956.0 | ||
| 008 | 061120s1969 sp 000 0 spa d | ||
| 035 | _a(OCoLC)ocm76809516 | ||
| 040 |
_aCOO _cCOO |
||
| 035 | _a(OCoLC)76809516 | ||
| 049 | _aGRAL | ||
| 100 | 1 | _aGarcía López, J. | |
| 245 | 1 | 0 |
_aIntroducción en la metodología del análisis estructural _c[por] J. García López [y] C. Pleyán. |
| 260 |
_aBarcelona _bTeide _c[1969] |
||
| 300 |
_a16, [16] p.: _c22 cm. |
||
| 650 | 0 | _aStructural linguistics. | |
| 942 |
_2lcc _cbk |
||
| 946 | _amfcruz | ||
| 994 |
_aC0 _bDRFGD |
||
| 999 |
_c110325 _d110325 |
||